Statistics for Countries, US States, Capitals, Elements, 100 Most Common Words: Starting with S

Click here to take the quiz!

General Stats

  • This quiz has been taken 11,757 times
    (3,950 since last reset)
  • The average score is 48 of 67

Answer Stats

ANSWER% Correct
So
100%
Say
93%
Sweden
92%
South Sudan
91%
South Korea
91%
South Dakota
90%
See
90%
Sudan
90%
South Carolina
90%
South Africa
88%
Switzerland
87%
Slovakia
87%
Slovenia
87%
Saint Kitts and Nevis
86%
Spain
86%
Saint Lucia
85%
Syria
84%
Saint Vincent and the Grenadines
84%
Somalia
83%
Singapore
82%
Serbia
81%
San Marino
81%
Stockholm
81%
Suriname
81%
Senegal
81%
Samoa
80%
Seychelles
80%
Sri Lanka
77%
Sacramento
76%
Santiago
76%
São Tomé
76%
São Tomé and Príncipe
76%
San Salvador
75%
Solomon Islands
73%
Sierra Leone
72%
Saudi Arabia
70%
San José
70%
Sodium
70%
Seoul
67%
Silicon
67%
Sulfur
67%
Santo Domingo
67%
Selenium
66%
Sana'a
66%
Some
64%
Silver
63%
Sarajevo
63%
Sofia
61%
Saint John's
59%
Saint George's
58%
Suva
58%
Strontium
58%
Saint Paul
56%
Santa Fe
55%
She
55%
Skopje
51%
Scandium
51%
Salem
51%
Salt Lake City
50%
Sri Jayawardenapura Kotte
50%
Sucre
49%
Springfield
48%
Samarium
46%
Seaborgium
44%
South Tarawa
42%

Score Distribution

Percentile by Number Answered

Percent of People with Each Score

Your Score History

You have not taken this quiz since the last reset